000 01515nam a2200361 a 4500
001 ebr10057416
003 CaPaEBR
006 m u
007 cr cn|||||||||
008 020813s2003 enk sb 001 0 eng
010 _z 2002032698
020 _z0333773977
040 _aCaPaEBR
_cCaPaEBR
035 _a(OCoLC)179089931
050 1 4 _aPR535.S44
_bH43 2003eb
082 0 4 _a821/.309353
_221
100 1 _aHeale, Elizabeth,
_d1946-
245 1 0 _aAutobiography and authorship in Renaissance verse
_h[electronic resource] :
_bchronicles of the self /
_cElizabeth Heale.
260 _aHoundmills, Basingstoke, Hampshire ;
_aNew York :
_bPalgrave Macmillan,
_cc2003.
300 _aviii, 206 p.
490 1 _aEarly modern literature in history
504 _aIncludes bibliographical references (p. 193-201) and index.
533 _aElectronic reproduction.
_bPalo Alto, Calif. :
_cebrary,
_d2013.
_nAvailable via World Wide Web.
_nAccess may be limited to ebrary affiliated libraries.
650 0 _aEnglish poetry
_yEarly modern, 1500-1700
_xHistory and criticism.
650 0 _aSelf in literature.
650 0 _aAutobiography in literature.
650 0 _aRenaissance
_zEngland.
650 0 _aPoets in literature.
655 7 _aElectronic books.
_2local
710 2 _aebrary, Inc.
830 0 _aEarly modern literature in history (Palgrave Macmillan (Firm))
856 4 0 _uhttp://site.ebrary.com/lib/rucke/Doc?id=10057416
_zAn electronic book accessible through the World Wide Web; click to view
999 _c71715
_d71715